खाली जमीन वर आकाश. (Record no. 276127)

MARC details
000 -LEADER
fixed length control field 00681nam a2200181Ia 4500
008 - FIXED-LENGTH DATA ELEMENTS--GENERAL INFORMATION
fixed length control field 090630s9999 xx 000 0 und d
082 ## - DEWEY DECIMAL CLASSIFICATION NUMBER
Item number 24271
100 ## - MAIN ENTRY--PERSONAL NAME
Personal name लवटे सुनीलकुमार.
245 ## - TITLE STATEMENT
Title खाली जमीन वर आकाश.
Statement of responsibility, etc लवटे सुनीलकुमार.
260 ## - PUBLICATION, DISTRIBUTION, ETC. (IMPRINT)
Name of publisher, distributor, etc मेहता पब्लिश हाऊस.
300 ## - PHYSICAL DESCRIPTION
Extent 0
600 ## - SUBJECT ADDED ENTRY--PERSONAL NAME
Personal name लवटे सुनीलकुमार.
630 ## - SUBJECT ADDED ENTRY--UNIFORM TITLE
Uniform title खाली जमीन वर आकाश.
655 ## - INDEX TERM--GENRE/FORM
Genre/form data or focus term इतर.
700 ## - ADDED ENTRY--PERSONAL NAME
Personal name लवटे सुनीलकुमार.
730 ## - ADDED ENTRY--UNIFORM TITLE
Uniform title खाली जमीन वर आकाश.
942 ## - ADDED ENTRY ELEMENTS (KOHA)
Koha item type Book
Holdings
Withdrawn status Lost status Damaged status Not for loan Home library Current library Date acquired Cost, normal purchase price Total Checkouts Full call number Barcode Date last seen Cost, replacement price Price effective from Koha item type
        Sarvajanik Wachanalaya Shrivardhan Sarvajanik Wachanalaya Shrivardhan 09/03/2006 150.00   24271 SAWASHRI-24271 06/30/2009 150.00 06/30/2009 Book